Reproductive restraints: (Record no. 11656)

MARC details
000 -LEADER
fixed length control field 00802 a2200217 4500
010 ## - LIBRARY OF CONGRESS CONTROL NUMBER
LC control number ENG-89941
020 ## - INTERNATIONAL STANDARD BOOK NUMBER
International Standard Book Number 817824229X
Terms of availability 595.00
035 ## - SYSTEM CONTROL NUMBER
System control number EN-73474
037 ## - SOURCE OF ACQUISITION
Source of stock number/acquisition DBAD / VEN
082 14 - DEWEY DECIMAL CLASSIFICATION NUMBER
Classification number 304.6660954
090 ## - LOCALLY ASSIGNED LC-TYPE CALL NUMBER (OCLC); LOCAL CALL NUMBER (OCLC)
-- 12010
-- 12010
100 1# - MAIN ENTRY--PERSONAL NAME
Personal name Ahluwalia, Sanjam
245 1# - TITLE STATEMENT
Title Reproductive restraints:
Statement of responsibility, etc by Sanjam Ahluwalia
Remainder of title birth control in India 1877-1947/
260 ## - PUBLICATION, DISTRIBUTION, ETC. (IMPRINT)
Place of publication, distribution, etc New Delhi
Name of publisher, distributor, etc Permanent Black
Date of publication, distribution, etc 2008
260 ## - PUBLICATION, DISTRIBUTION, ETC. (IMPRINT)
Name of publisher, distributor, etc Orient Longman (Distributor)
270 ## - ADDRESS
Address 1/24, Asaf Ali Road,
City New Delhi
Postal code 110002
Electronic mail address delgeneral@orientlongman.com
State or province Delhi
300 ## - PHYSICAL DESCRIPTION
Extent xii, 251p.
Dimensions 24 cm (Hb)
500 ## - GENERAL NOTE
General note Includes bibliographical references & index.
942 ## - ADDED ENTRY ELEMENTS (KOHA)
Institution code [OBSOLETE] dpl
Koha item type English Books
Call number prefix 304.6660954 / AHL
Holdings
Withdrawn status Lost status Source of classification or shelving scheme Damaged status Not for loan Collection code Home library Current library Source of acquisition Cost, normal purchase price Total Checkouts Full call number Barcode Date last seen Copy number Uniform Resource Identifier Cost, replacement price Price effective from Koha item type
    Dewey Decimal Classification   Not For Loan Non-fiction D.B.Act.Division D.B.Act.Division DBAD/PUB 595.00   304.6660954 EN-73474 15/09/2008 1 12770 595.00 15/09/2008 English Books

© Delhi Public Library
Hit Counter
free hit counter